Incredible Journey: (Record no. 182535)
[ view plain ]
| 000 -LEADER | |
|---|---|
| fixed length control field | 00714nam a22002057a 4500 |
| 005 - DATE AND TIME OF LATEST TRANSACTION | |
| control field | 20220216153345.0 |
| 010 ## - LCCN (DPL NO) | |
| LC control number | ENG-130115 |
| 020 ## - INTERNATIONAL STANDARD BOOK NUMBER | |
| Terms of availability | 180.00 |
| 035 ## - SYSTEM CONTROL NUMBER | |
| System control number | EN-113647 |
| 037 ## - SOURCE OF ACQUISITION | |
| Source of stock number/acquisition | DBAD/PUB |
| 082 ## - DEWEY DECIMAL CLASSIFICATION NUMBER | |
| Classification number | 915.04546 |
| 100 ## - MAIN ENTRY--PERSONAL NAME | |
| Personal name | Ghate, VijayKumar G. |
| 245 ## - TITLE STATEMENT | |
| Title | Incredible Journey: |
| Remainder of title | From Here to Eternity/ |
| Statement of responsibility, etc | Vijay Kumar G. Ghate, English Version By Vijay Deodhar |
| 250 ## - EDITION STATEMENT | |
| Edition statement | 2020 |
| 260 ## - PUBLICATION, DISTRIBUTION, ETC. (IMPRINT) | |
| Place of publication, distribution, etc | Pune |
| Name of publisher, distributor, etc | Vijay Gangadhar Deodhar |
| Date of publication, distribution, etc | 2020 |
| 270 ## - ADDRESS | |
| Address | Gaurishankar, 14 Govardhan Sosayati,Veer Savarakar Nagar, Near Jawahar Highschool |
| City | Pune |
| Postal code | 411037 |
| Telephone number | 8308805895 |
| Electronic mail address | deodharvg43@gmail.com |
| 300 ## - PHYSICAL DESCRIPTION | |
| Extent | 142p. |
| Dimensions | 22cm (pbk) |
| 700 ## - ADDED ENTRY--PERSONAL NAME | |
| Personal name | Deodhar, Vijay |
| 942 ## - ADDED ENTRY ELEMENTS (KOHA) | |
| Source of classification or shelving scheme | Dewey Decimal Classification |
| Item type | English Books |
| Classification part | 915.04546 |
| Call number suffix | GHA |
| Withdrawn status | Lost status | Not for loan | Collection code | Home library | Current library | Date acquired | Source of acquisition | Cost, normal purchase price | Full call number | Barcode | Copy number | Cost, replacement price | Koha item type |
|---|---|---|---|---|---|---|---|---|---|---|---|---|---|
| Fiction | Ashok Vihar | Ashok Vihar | 18/11/2021 | DBAD/PUB | 180.00 | 915.04546 GHA | EN-113647 | 1 | 180.00 | English Books |
